| 000 | 00507cam a2200193 4500 | ||
|---|---|---|---|
| 001 | D8824 | ||
| 008 | 090401t1985 xxu||||| |||| 00| 0 eng d | ||
| 035 | _a(Sirsi) u15584 | ||
| 041 | _aeng | ||
| 050 | _a338.4369 | ||
| 100 | _aSmyth, Hedley J | ||
| 245 | _aProperty companies and the construction industry in Britain | ||
| 260 |
_aCambridge _bCambridge University Press _c1985 |
||
| 300 | _aix. 265p. 23cm | ||
| 350 | _a25 | ||
| 490 | _aCambridge Human Geography | ||
| 942 | _n0 | ||
| 948 | _c04/03/1997 | ||
| 999 |
_c87291 _d87291 |
||